| 000 | 00801nam a2200277 a 4500 | ||
|---|---|---|---|
| 005 | 20140310183445.0 | ||
| 008 | 080925s19uu xx 00 eng d | ||
| 020 | _a9780826493408 | ||
| 050 |
_aLB 1555 _b.P69 2008 |
||
| 100 | _aPollard, Andrew | ||
| 245 |
_aReflective teaching : _bevidence-informed professional practice / _cPollard, Andrew |
||
| 250 | _a3rd ed. | ||
| 260 |
_aLondon : _bContinuum International Publishing, _c2008. |
||
| 300 |
_a590 p. : _bill. ; _c25 cm. |
||
| 521 | _aEDU | ||
| 650 | _aEducation. | ||
| 650 | _aElementary school teaching. | ||
| 650 |
_aTeachers _xSelf, rating of. |
||
| 700 | _aAnderson, Julie | ||
| 700 | _aMaddock, Mandy | ||
| 700 | _aSwaffield, Sue | ||
| 700 | _aWarin, Jo | ||
| 700 | _aWarwick, Paul | ||
| 942 |
_cBK _2lcc _kFOR |
||
| 999 |
_c23212 _d23212 |
||